<?xml version="1.0" encoding="UTF-8"?>
<collection xmlns="http://www.loc.gov/MARC21/slim">
<record>
  <controlfield tag="001">111516</controlfield>
  <controlfield tag="005">20220309093120.0</controlfield>
  <datafield tag="037" ind1=" " ind2=" ">
    <subfield code="a">TAZ-TFG-2019-987</subfield>
  </datafield>
  <datafield tag="041" ind1=" " ind2=" ">
    <subfield code="a">spa</subfield>
  </datafield>
  <datafield tag="100" ind1="1" ind2=" ">
    <subfield code="a">del Rincón de la Villa, Julia</subfield>
  </datafield>
  <datafield tag="242" ind1="0" ind2="0">
    <subfield code="a">Cornelia de Lange syndrome diagnosis by using a massive sequencing panel</subfield>
  </datafield>
  <datafield tag="245" ind1="0" ind2="0">
    <subfield code="a">Diagnóstico del Síndrome Cornelia de Lange mediante la utilización de un panel de secuenciación masiva</subfield>
  </datafield>
  <datafield tag="260" ind1=" " ind2=" ">
    <subfield code="a">Zaragoza</subfield>
    <subfield code="b">Universidad de Zaragoza</subfield>
    <subfield code="c">2019</subfield>
  </datafield>
  <datafield tag="506" ind1=" " ind2=" ">
    <subfield code="a">by-nc-sa</subfield>
    <subfield code="b">Creative Commons</subfield>
    <subfield code="c">3.0</subfield>
    <subfield code="u">http://creativecommons.org/licenses/by-nc-sa/3.0/</subfield>
  </datafield>
  <datafield tag="520" ind1=" " ind2=" ">
    <subfield code="a">El síndrome Cornelia de Lange (SCdL) es un trastorno genético multisistémico cuya clínica incluye principalmente dismorfia craneofacial, retraso psicomotor y del crecimiento y malformaciones en las extremidades. Su etiología se relaciona principalmente con la afectación del funcionamiento del anillo de las cohesinas, aunque también pueden entrar en juego la afectación de otras estructuras y factores relacionados con el proceso de la transcripción de los genes. La importante variabilidad fenotípica y genética lleva a clasificar sus manifestaciones como un espectro.  El número creciente de genes causales, la existencia de síndromes con fenotipos superpuestos, y la gran heterogenidad clínica dificulta el diagnóstico genético, siendo en ocasiones insuficientes los métodos tradicionales (secuenciación por Sanger, MLPA…).  Sobre dicha base,  en este estudio se presenta la primera aplicación de un nuevo panel de genes de secuenciación masiva para el diagnóstico del SCdL, desarrollado en la Unidad Nacional de Referencia, con lo que se ha conseguido el diagnóstico genético de dos pacientes con fenotipo clásico, detectando en ellos mutaciones en dos de los genes clásicos asociados al síndrome (c.6272G>A en el gen NIPBL y c.305G>A en HDAC8). Este panel de secuenciación masiva permite un profundo estudio de los genes, aportando ventajas (mayor rapidez, cobertura y pofundidad de lectura) respecto a otros métodos de diagnóstico genético, siendo de gran utilidad para realizar mejores diagnósticos en el SCdL y abriendo nuevos horizontes en la investigación de los mecanismos subyacentes a esta patología.&lt;br /></subfield>
  </datafield>
  <datafield tag="521" ind1=" " ind2=" ">
    <subfield code="a">Graduado en Medicina</subfield>
  </datafield>
  <datafield tag="540" ind1=" " ind2=" ">
    <subfield code="a">Derechos regulados por licencia Creative Commons</subfield>
  </datafield>
  <datafield tag="700" ind1=" " ind2=" ">
    <subfield code="a">Pié Juste, Juan</subfield>
    <subfield code="e">dir.</subfield>
  </datafield>
  <datafield tag="700" ind1=" " ind2=" ">
    <subfield code="a">Latorre Pellicer, Ana</subfield>
    <subfield code="e">dir.</subfield>
  </datafield>
  <datafield tag="710" ind1="2" ind2=" ">
    <subfield code="a">Universidad de Zaragoza</subfield>
    <subfield code="b">Farmacología y Fisiología</subfield>
    <subfield code="c">Fisiología</subfield>
  </datafield>
  <datafield tag="856" ind1="0" ind2=" ">
    <subfield code="f">687765@celes.unizar.es</subfield>
  </datafield>
  <datafield tag="856" ind1="4" ind2=" ">
    <subfield code="s">1932877</subfield>
    <subfield code="u">http://zaguan.unizar.es/record/111516/files/TAZ-TFG-2019-987.pdf</subfield>
    <subfield code="y">Memoria (spa)</subfield>
  </datafield>
  <datafield tag="856" ind1="4" ind2=" ">
    <subfield code="s">831453</subfield>
    <subfield code="u">http://zaguan.unizar.es/record/111516/files/TAZ-TFG-2019-987_ANE.pdf</subfield>
    <subfield code="y">Anexos (spa)</subfield>
  </datafield>
  <datafield tag="909" ind1="C" ind2="O">
    <subfield code="o">oai:zaguan.unizar.es:111516</subfield>
    <subfield code="p">driver</subfield>
    <subfield code="p">trabajos-fin-grado</subfield>
  </datafield>
  <datafield tag="950" ind1=" " ind2=" ">
    <subfield code="a"></subfield>
  </datafield>
  <datafield tag="980" ind1=" " ind2=" ">
    <subfield code="a">TAZ</subfield>
    <subfield code="b">TFG</subfield>
    <subfield code="c">MED</subfield>
  </datafield>
  <datafield tag="999" ind1=" " ind2=" ">
    <subfield code="a">20190602181348.CREATION_DATE</subfield>
  </datafield>
  <datafield tag="951" ind1=" " ind2=" ">
    <subfield code="a">deposita:2022-03-09</subfield>
  </datafield>
</record>
</collection>